Applied biofluid mechanics/ (Record no. 149767)

MARC details
000 -LEADER
fixed length control field 00702nam a22002177a 4500
005 - DATE AND TIME OF LATEST TRANSACTION
control field 20180210160011.0
010 ## - LCCN (DPL NO)
LC control number ENG-122211
020 ## - INTERNATIONAL STANDARD BOOK NUMBER
International Standard Book Number 9789387067493
Terms of availability 595.00
035 ## - SYSTEM CONTROL NUMBER
System control number EN-105743
037 ## - SOURCE OF ACQUISITION
Source of stock number/acquisition DBAD/PUB
082 ## - DEWEY DECIMAL CLASSIFICATION NUMBER
Classification number 610.28
100 ## - MAIN ENTRY--PERSONAL NAME
Personal name Waite, Lee
245 ## - TITLE STATEMENT
Title Applied biofluid mechanics/
Statement of responsibility, etc by Lee Waite [and] Jerry Fine
250 ## - EDITION STATEMENT
Edition statement 2nd ed.
260 ## - PUBLICATION, DISTRIBUTION, ETC. (IMPRINT)
Place of publication, distribution, etc Chennai
Name of publisher, distributor, etc McGraw Hill Education (India)
Date of publication, distribution, etc c2017
270 ## - ADDRESS
Address 444/1, Sri Ekambara Naicker Industrial Estate, Alapakkam,porur,chenni
City Chennai
Postal code 600116
300 ## - PHYSICAL DESCRIPTION
Extent xv,336p.
Dimensions 23cm.(pbk)
500 ## - GENERAL NOTE
General note It includes bibliographical reference index
700 ## - ADDED ENTRY--PERSONAL NAME
Personal name Fine, Jerry
942 ## - ADDED ENTRY ELEMENTS (KOHA)
Source of classification or shelving scheme Dewey Decimal Classification
Item type English Books
Classification part 610.28
Call number suffix WAI
Holdings
Withdrawn status Lost status Not for loan Collection code Home library Current library Date acquired Source of acquisition Cost, normal purchase price Full call number Barcode Copy number Cost, replacement price Koha item type
    Not For Loan Non-fiction D.B.Act.Division Bawana 07/02/2018 DBAD/PUB 595.00 610.28 WAI EN-105743 1 595.00 English Books

© Delhi Public Library
Hit Counter
free hit counter